Schnelle Mathematik - Multiplikation Level 14 - Statistiken

Allgemein
  • Dieses Quiz wurde 143 mal gespielt
    105 seit der letzten Aktualisierung
  • Das Durchschnittsergebnis liegt bei 18 aus 20
Antwortstatistiken
Frage Antwort % Korrekt
1⋅10 10
100%
2⋅5 10
100%
5⋅2 10
100%
5⋅20 100
100%
10⋅10 100
100%
20⋅5 100
100%
6⋅17 102
100%
13⋅8 104
100%
7⋅15 105
100%
12⋅9 108
100%
11⋅1 11
100%
7⋅16 112
100%
8⋅14 112
100%
16⋅7 112
100%
6⋅19 114
100%
19⋅6 114
100%
9⋅13 117
100%
7⋅17 119
100%
17⋅7 119
100%
3⋅4 12
100%
4⋅3 12
100%
6⋅2 12
100%
6⋅20 120
100%
10⋅12 120
100%
20⋅6 120
100%
11⋅11 121
100%
14⋅9 126
100%
16⋅8 128
100%
13⋅1 13
100%
10⋅13 130
100%
13⋅10 130
100%
12⋅11 132
100%
7⋅19 133
100%
15⋅9 135
100%
17⋅8 136
100%
1⋅14 14
100%
2⋅7 14
100%
14⋅1 14
100%
10⋅14 140
100%
14⋅10 140
100%
20⋅7 140
100%
11⋅13 143
100%
12⋅12 144
100%
16⋅9 144
100%
1⋅15 15
100%
15⋅1 15
100%
15⋅10 150
100%
8⋅19 152
100%
9⋅17 153
100%
17⋅9 153
100%
14⋅11 154
100%
12⋅13 156
100%
1⋅16 16
100%
2⋅8 16
100%
4⋅4 16
100%
8⋅2 16
100%
16⋅1 16
100%
8⋅20 160
100%
10⋅16 160
100%
20⋅8 160
100%
18⋅9 162
100%
15⋅11 165
100%
12⋅14 168
100%
14⋅12 168
100%
10⋅17 170
100%
17⋅10 170
100%
9⋅19 171
100%
19⋅9 171
100%
11⋅16 176
100%
1⋅18 18
100%
2⋅9 18
100%
3⋅6 18
100%
6⋅3 18
100%
18⋅1 18
100%
9⋅20 180
100%
10⋅18 180
100%
12⋅15 180
100%
15⋅12 180
100%
18⋅10 180
100%
20⋅9 180
100%
13⋅14 182
100%
11⋅17 187
100%
1⋅19 19
100%
10⋅19 190
100%
16⋅12 192
100%
14⋅14 196
100%
1⋅2 2
100%
2⋅1 2
100%
1⋅20 20
100%
2⋅10 20
100%
4⋅5 20
100%
10⋅20 200
100%
20⋅10 200
100%
12⋅17 204
100%
19⋅11 209
100%
3⋅7 21
100%
7⋅3 21
100%
14⋅15 210
100%
2⋅11 22
100%
12⋅19 228
100%
17⋅14 238
100%
2⋅12 24
100%
3⋅8 24
100%
8⋅3 24
100%
12⋅2 24
100%
12⋅20 240
100%
16⋅15 240
100%
13⋅19 247
100%
19⋅13 247
100%
5⋅5 25
100%
14⋅18 252
100%
18⋅14 252
100%
17⋅15 255
100%
16⋅16 256
100%
13⋅2 26
100%
13⋅20 260
100%
20⋅13 260
100%
19⋅14 266
100%
3⋅9 27
100%
2⋅14 28
100%
4⋅7 28
100%
7⋅4 28
100%
20⋅14 280
100%
15⋅19 285
100%
18⋅16 288
100%
1⋅3 3
100%
3⋅1 3
100%
3⋅10 30
100%
5⋅6 30
100%
6⋅5 30
100%
10⋅3 30
100%
15⋅20 300
100%
16⋅19 304
100%
18⋅17 306
100%
2⋅16 32
100%
4⋅8 32
100%
16⋅2 32
100%
20⋅16 320
100%
18⋅18 324
100%
3⋅11 33
100%
11⋅3 33
100%
2⋅17 34
100%
17⋅2 34
100%
20⋅17 340
100%
5⋅7 35
100%
7⋅5 35
100%
2⋅18 36
100%
3⋅12 36
100%
6⋅6 36
100%
9⋅4 36
100%
12⋅3 36
100%
18⋅2 36
100%
18⋅20 360
100%
20⋅18 360
100%
2⋅19 38
100%
19⋅2 38
100%
19⋅20 380
100%
20⋅19 380
100%
13⋅3 39
100%
2⋅20 40
100%
4⋅10 40
100%
5⋅8 40
100%
8⋅5 40
100%
10⋅4 40
100%
20⋅20 400
100%
6⋅7 42
100%
11⋅4 44
100%
3⋅15 45
100%
3⋅16 48
100%
4⋅12 48
100%
12⋅4 48
100%
7⋅7 49
100%
1⋅5 5
100%
5⋅1 5
100%
5⋅10 50
100%
17⋅3 51
100%
4⋅13 52
100%
13⋅4 52
100%
9⋅6 54
100%
18⋅3 54
100%
5⋅11 55
100%
11⋅5 55
100%
4⋅14 56
100%
7⋅8 56
100%
8⋅7 56
100%
14⋅4 56
100%
3⋅19 57
100%
19⋅3 57
100%
1⋅6 6
100%
2⋅3 6
100%
3⋅2 6
100%
6⋅1 6
100%
3⋅20 60
100%
5⋅12 60
100%
6⋅10 60
100%
15⋅4 60
100%
20⋅3 60
100%
7⋅9 63
100%
8⋅8 64
100%
5⋅13 65
100%
13⋅5 65
100%
11⋅6 66
100%
4⋅17 68
100%
17⋅4 68
100%
1⋅7 7
100%
7⋅1 7
100%
10⋅7 70
100%
14⋅5 70
100%
8⋅9 72
100%
9⋅8 72
100%
12⋅6 72
100%
18⋅4 72
100%
5⋅15 75
100%
15⋅5 75
100%
7⋅11 77
100%
11⋅7 77
100%
6⋅13 78
100%
13⋅6 78
100%
2⋅4 8
100%
4⋅20 80
100%
8⋅10 80
100%
10⋅8 80
100%
9⋅9 81
100%
7⋅12 84
100%
14⋅6 84
100%
5⋅17 85
100%
17⋅5 85
100%
8⋅11 88
100%
11⋅8 88
100%
1⋅9 9
100%
3⋅3 9
100%
5⋅18 90
100%
9⋅10 90
100%
18⋅5 90
100%
7⋅13 91
100%
13⋅7 91
100%
5⋅19 95
100%
19⋅5 95
100%
9⋅11 99
100%
11⋅9 99
100%
11⋅20 220
75%
6⋅18 108
67%
15⋅17 255
67%
4⋅9 36
67%
19⋅19 361
67%
3⋅13 39
67%
16⋅6 96
67%
7⋅14 98
67%
19⋅8 152
50%
13⋅12 156
50%
15⋅13 195
50%
17⋅12 204
50%
16⋅13 208
50%
11⋅2 22
50%
16⋅14 224
50%
17⋅16 272
50%
16⋅18 288
50%
16⋅20 320
50%
18⋅19 342
50%
16⋅3 48
50%
17⋅13 221
33%
1⋅1 1
0%
10⋅1 10
0%
17⋅6 102
0%
8⋅13 104
0%
15⋅7 105
0%
9⋅12 108
0%
18⋅6 108
0%
1⋅11 11
0%
10⋅11 110
0%
11⋅10 110
0%
14⋅8 112
0%
13⋅9 117
0%
1⋅12 12
0%
2⋅6 12
0%
12⋅1 12
0%
8⋅15 120
0%
12⋅10 120
0%
15⋅8 120
0%
7⋅18 126
0%
9⋅14 126
0%
18⋅7 126
0%
8⋅16 128
0%
1⋅13 13
0%
11⋅12 132
0%
19⋅7 133
0%
9⋅15 135
0%
8⋅17 136
0%
7⋅2 14
0%
7⋅20 140
0%
13⋅11 143
0%
8⋅18 144
0%
9⋅16 144
0%
18⋅8 144
0%
3⋅5 15
0%
5⋅3 15
0%
10⋅15 150
0%
11⋅14 154
0%
16⋅10 160
0%
9⋅18 162
0%
11⋅15 165
0%
13⋅13 169
0%
1⋅17 17
0%
17⋅1 17
0%
16⋅11 176
0%
9⋅2 18
0%
14⋅13 182
0%
17⋅11 187
0%
19⋅1 19
0%
19⋅10 190
0%
12⋅16 192
0%
13⋅15 195
0%
11⋅18 198
0%
18⋅11 198
0%
5⋅4 20
0%
10⋅2 20
0%
20⋅1 20
0%
13⋅16 208
0%
11⋅19 209
0%
15⋅14 210
0%
12⋅18 216
0%
18⋅12 216
0%
20⋅11 220
0%
13⋅17 221
0%
14⋅16 224
0%
15⋅15 225
0%
19⋅12 228
0%
13⋅18 234
0%
18⋅13 234
0%
14⋅17 238
0%
4⋅6 24
0%
6⋅4 24
0%
15⋅16 240
0%
20⋅12 240
0%
2⋅13 26
0%
14⋅19 266
0%
9⋅3 27
0%
15⋅18 270
0%
18⋅15 270
0%
16⋅17 272
0%
14⋅2 28
0%
14⋅20 280
0%
19⋅15 285
0%
17⋅17 289
0%
2⋅15 30
0%
15⋅2 30
0%
20⋅15 300
0%
19⋅16 304
0%
17⋅18 306
0%
8⋅4 32
0%
17⋅19 323
0%
19⋅17 323
0%
17⋅20 340
0%
19⋅18 342
0%
1⋅4 4
0%
2⋅2 4
0%
4⋅1 4
0%
20⋅2 40
0%
3⋅14 42
0%
7⋅6 42
0%
14⋅3 42
0%
4⋅11 44
0%
5⋅9 45
0%
9⋅5 45
0%
15⋅3 45
0%
6⋅8 48
0%
8⋅6 48
0%
10⋅5 50
0%
3⋅17 51
0%
3⋅18 54
0%
6⋅9 54
0%
4⋅15 60
0%
10⋅6 60
0%
12⋅5 60
0%
9⋅7 63
0%
4⋅16 64
0%
16⋅4 64
0%
6⋅11 66
0%
5⋅14 70
0%
7⋅10 70
0%
4⋅18 72
0%
6⋅12 72
0%
4⋅19 76
0%
19⋅4 76
0%
1⋅8 8
0%
4⋅2 8
0%
8⋅1 8
0%
5⋅16 80
0%
16⋅5 80
0%
20⋅4 80
0%
6⋅14 84
0%
12⋅7 84
0%
9⋅1 9
0%
6⋅15 90
0%
10⋅9 90
0%
15⋅6 90
0%
6⋅16 96
0%
8⋅12 96
0%
12⋅8 96
0%
14⋅7 98
0%
Keine übereinstimmenden Quizze gefunden
Verteilung der Resultate
Anzahl Personen mit jedem Resultat
Perzentil nach korrekt beantworteten Fragen
Ihre Resultats-Entwicklung
Sie haben dieses Quiz seit der letzten Aktualisierung nicht gespielt